| 000 | 00695nam a2200205 a 4500 | ||
|---|---|---|---|
| 008 | 060316s1983 ||||||||||||||||| || u | ||
| 020 | _a0070303673 | ||
| 050 | _aTL 725.3.P5 Har | ||
| 100 | _aMcKelvey, Francis X | ||
| 245 | 1 | 0 | _aPlanning and design of airports. (3rd ed.) |
| 250 | _a3rd ed. | ||
| 260 |
_aNew York _bMcGraw-Hill _c1983 |
||
| 300 | _axii, 616 p. : ill. | ||
| 350 | _a0.00 | ||
| 490 | _aMcGraw-Hill series in transportation | ||
| 500 | _aIncludes bibliographies | ||
| 650 | _aTEXTBOOKS | ||
| 700 | _aHoronjeff, Robert | ||
| 995 |
_D0.00 _FCBU-MAIN LIBRARY (Kitwe) _H1 _I44.95 _UDAMAGED _ZMain Library Open Access Collection |
||
| 999 |
_c53685 _d53685 |
||